000 00604nam a22001937a 4500
005 20251108175014.0
008 250721s2007 xx 000 0 ara d
082 1 4 _a363.6/هزي
100 1 _aأبو هزيم، أحمد الفرحان
245 1 0 _aقناة الأمم أحد تحديات العولمة واستثمار لأبناء الغد /
264 1 _aعمان :
_bالمؤلف،
_c2007.
300 _a199ص.
650 1 7 _aالمشاكل الإجتماعية
650 1 7 _aالمياه
650 1 7 _aالعولمة
650 1 7 _aالاقتصاد
942 _2ddc
_cBK
999 _c123713
_d123713